| 000 | 01244nam a22002655a 4500 | ||
|---|---|---|---|
| 005 | 20150708134342.0 | ||
| 008 | 150628s2010 ii a frd 001 0 eng d | ||
| 020 | _a9789350040393 | ||
| 040 |
_aEG-ScBUE _beng _cEG-ScBUE _dEG-ScBUE |
||
| 082 | 0 | 4 |
_a005.1 _bSHA _222 |
| 100 | 1 |
_aShah, Deven N. _938223 |
|
| 245 | 1 | 0 |
_aSoftware engineering / _cDeven N. Shah, Dilip Motwani and Kogent Learning Solutions, Inc. |
| 260 |
_aNew Delhi : _bDreamtech Press, _c2010. |
||
| 300 |
_ax, 286 p. : _bill. ; _c25 cm. |
||
| 500 | _aIndex : p. 285-286. | ||
| 500 | _aGlossary : p. 273-284. | ||
| 500 | _aCover : the book covers :-- Requirements Analysis and Engineering Prototyping - Specification - Analysis Modeling --Software Design - Abstraction - Modularity - Software Architecture --Software Configuration Management --Software Configuration Items - SCM Process --Software Quality and Testing --Software Quality Assurance - Quality Metrics --Web Engineering --Security Engineering | ||
| 650 | 7 |
_aSoftware engineering. _2BUEsh _93832 |
|
| 651 | _2BUEsh | ||
| 653 |
_bCOMSCI _cJune2015 _cJuly2015 |
||
| 655 |
_vreading book _934232 |
||
| 700 | 1 | _aMotwani, Dilip. | |
| 710 | 2 | _aKogent Learning Solutions, Inc. | |
| 942 |
_2ddc _k005.1 SHA |
||
| 999 |
_c19967 _d19939 |
||